Central Library OPAC University of Rajshahi
Normal view MARC view

Entry Personal Name

Number of records used in: 3

001 - CONTROL NUMBER

  • control field: 17707

003 - CONTROL NUMBER IDENTIFIER

  • control field: BD-RjUL

005 - DATE AND TIME OF LATEST TRANSACTION

  • control field: 20260215150308.0

008 - FIXED-LENGTH DATA ELEMENTS

  • fixed length control field: 260215|| aca||aabn | a|a d

040 ## - CATALOGING SOURCE

  • Original cataloging agency: BD-RjUL
  • Transcribing agency: BD-RjUL

100 ## - HEADING--PERSONAL NAME

  • Personal name: Ray, Satyajit,
  • Dates associated with a name: 1921-1992
  • General subdivision: Criticism and interpretation

670 ## - SOURCE DATA FOUND

  • Source citation: Work cat.: (BD-RjUL)86170: Ray, Satyajit, 1921-1992. 17706, Deep focus :, 2011,2013